000 00980nam a2200217Ia 4500
999 _c41412
_d41412
001 8074
003 GE_BSU
005 20221101124547.0
008 181216s2018ru xx |||||||||||||| ||rus||
020 _a9789994021796
040 _cGE_BSU
041 _arus
080 _a821.133.1-311.1 C-37
245 _aЛюди напротив или реквием Батумских дождей
_bСоциально-психологический роман о Батуми 30-х годов /
_cПер.с фр. Виктории Диасамидзе
264 _aБатуми:
_bАджара,
_c2013.
300 _a175 стр.:
_b20 см.
653 _aЛюди напротив или реквием Батумских дождей
653 _aხალხის მოპირდაპირე თუ ბათუმის წვიმის რეკვიემი
700 _aДиасамидзе, Виктории
_eმთარგმნელი
_915691
942 _cBK
_2udc